Quizzes
Events
Quiz Creation
Community
Videos
Private Events
Remove Ads
Sign In
Join for FREE
Feedback
Dark Mode
Quiz Categories
Sports
Geography
Music
Movies
Television
Just For Fun
Miscellaneous
History
Literature
Language
Science
Gaming
Entertainment
Religion
Holiday
For Kids
Quiz Lab
Recent
Popular Today
Quiz Kudos Today
Editor Picks
Curator Picks
Quizzes by...
Day
Popularity
Type
Ratings
Length
Year
Community
Subscriptions
Recent Discussions
Orange Saloon
Badges
Playlists
Quests
Create
Leaderboards
Showdown
Live 5
Trivia Bingo
Activity
Puzzle Library
Sporcle Events
Private Events
Virtual Trivia
Globe League
Become a Host
Pub Owners
SporcleCon
Opinionation
Our Games
Videos
Blog
Mobile Apps
Partnerships
Remove Ads and Go Orange
Feedback
Sports
Athletes
MLB
NBA
NHL
NFL
Soccer
Sports Teams
WWE
NCAA
Football
Premier League
Basketball
Baseball
Hockey
Golf
Tennis
Cricket
Rugby
Auto Racing
Olympics
World Cup
Sports
Athletes
MLB
NBA
NHL
NFL
Soccer
Sports Teams
WWE
NCAA
Football
Premier League
Basketball
Baseball
Hockey
Golf
Tennis
Cricket
Rugby
Auto Racing
Olympics
World Cup
Random Quiz
Search Sporcle
×
Quiz Lab
Quiz Lab
Sports
Rugby
Type in answers that appear in a list
Type in answers that appear in a list
Classic
Best Score? Go Orange.
Pundit Arena Daily Rugby Trivia Challenge – Day 17 Stats
Pundit Arena Daily Rugby Trivia Challenge – Day 17
By
Pundit_Arena
5m
20 Questions
1,450 Plays
1,450 Plays
1,450 Plays
Comments
Comments
Give Quiz Kudos
Give Quiz Kudos
-
- Ratings
hide this ad
Replay
Link that replays current quiz
Next Quiz
Link to next quiz in quiz playlist
You Got
0%
They Got
Avg Score
47%
Avg Friend Score
Upgrade to see
Score Distribution
Jump to the score distribution portion of the page
Score
0/20
Timer
05:00
0
Plays Today
Hint
Answer
% Correct
Number of teams at the 2019 World Cup (spell out number)
Twenty
92.1%
Reigning PRO14 champions
Leinster
73.7%
Ireland head coach
Andy Farrell
69.2%
Pat Lam coached this Irish province
Connacht
68.1%
Wales' all-
time leading points scorer
Neil Jenkins
60.6%
Bundee Aki played for this Super Rugby side
Chiefs
54.8%
Romain Ntamack made his Test debut against this country
Wales
52.9%
Jonny May has signed for this club from next season
Gloucester
52.9%
2007 Heineken Cup champions
Wasps
49.5%
Play their home games at La Défense Arena
Racing 92
46.7%
Hint
Answer
% Correct
England's most capped player
Jason Leonard
44.3%
Mike Phillips' first professional club
Scarlets
43.5%
Name of the USA rugby competition
Major League Rugby
40.6%
Current Ulster captain
Iain Henderson
36.6%
Team with the most Mitre 10 Cup titles
Canterbury
34.3%
This country received the first red card at 2019 World Cup
USA
33.3%
Scored a late try for New Zealand against Ireland in 2013
Ryan Crotty
33.2%
Made his Ireland debut against the All Blacks in 2016
Joey Carbery
26.1%
Munster's all-
time top try-
scorer
Simon Zebo
24.9%
South Africa head coach from 2008 to 2011
Peter de Villiers
19.7%
Quiz Playlist
Details
Report
Send in Message
Add To Playlist
Classic:
Type in answers that appear in a list
Last Updated: May 23, 2020
Quiz Scoreboard
CHALLENGE
Sign Up to Join the Scoreboard
Show All
Scores
Hide
Comments
May contain spoilers
Recently Published
Presidents Visiting Landmarks
by Hejman
History
7m
An Introduction to Baseball
by treessimontrees
Sports
5m
Movies - When Are They Set?
by FPL_Elf
Movies
5m
More to Explore
Quiz From the Vault
Featured Blog Post
Where Did the Easter Bunny Come From?
hide this ad
You Might Also Like...
Tags
Rugby Quiz
arena
challenge
Daily
pundit
Trivia
Today's Top Quizzes in Sports
Browse Sports
hide this ad
Today's Top Quizzes in Rugby
Browse Rugby
Top Contributed Quizzes in Sports
1
Les meilleurs buteurs des matchs entre le PSG et l’OM
2
2022 World Cup Stars
3
FIFA Club World Cup Champions
4
Les entraîneurs de l'OM et du PSG au 21e siècle
5
Name the Premier League winners with different clubs
6
La finale Lions - Afrique du Sud 2021
7
5-to-1: UK Sports Teams
8
England Test cricketers to play under Nasser Hussain
9
Players with Multiple 50 Home Run Seasons
10
AFC Teams Reveal (Wrong Answers Minefield)
Explore More
Trending Topics
Crossword
Anime
Disney
NBA
Marvel
Harry Potter
Kpop
Song
Puzzle
NFL
Country
Soccer
WWE
The Office
Pokémon
hide this ad
More By:
Pundit_Arena
Quiz
Plays
Rating
Category
Featured
Created
MOTD goal quiz
57,554
4.71
Sports
Jul 29, 2020
Name every player to score a PL penalty for Man United
52,259
5.00
Sports
Jan 6, 2021
Name Every Fifa World Cup Winner since 1930
41,026
3.92
Sports
Feb 10, 2021
Guess The Nationalities of the Following Footballers
39,325
4.80
Sports
Jan 29, 2021
Name every Portuguese player to play for Man United
39,322
5.00
Sports
Dec 29, 2020
Go to Creator's Profile
Score Distribution
Quiz Creator Spotlight
Pundit_Arena
Follow
Send a Message
Quizzes Created
-
Created Quiz Play Count
-
More By This Creator
Popular Quizzes Today
1
Find the US States - No Outlines Minefield
2
Find the Countries of Europe - No Outlines Minefield
3
The Countries of the World
4
Find the US States
5
Popular People in 1961
6
US States
7
Risky Map Clicking: Biggest States A-Z
8
1-10 Letter E Words III
More Sports Quizzes
Premier League XIs (2003-04)
Quiz Lab
Trending Quizzes
Risky Map Clicking: Least Populous States A-Z
1-10 Letter G Words
1-10 Letter F Words
One Thing in Common: United Kingdom
Risky Map Clicking: Next State Alphabetically
Recently Updated
Leaping Animals
pecheneg
Reality TV Shows (A-Z)
bhenderson79
Rickey Henderson's Hall of Fame Teammates
pecheneg
Champions League XIs: Arsenal
pecheneg
Quick Pick: Celebrities in WWE's Hall of Fame
aduchscher
A-Z Keypad Blitz II
pecheneg
Multiple Oscar Actors
pecheneg
Mystery Phrase Blitz: Oscar 'Best Actors'
pecheneg
F. Scott Fitzgerald Novels
LTH
Pick 3 Villains
ddd62291
Trending Topics
Harry Potter
Crossword
Disney
NBA
Kpop
Anime
Marvel
WWE
NFL
The Office
Pokémon
Country
Puzzle
Song
Soccer
Your Account Isn't Verified!
In order to create a playlist on Sporcle, you need to verify the email address you used during registration. Go to your
Sporcle Settings
to finish the process.
Report this User
Report this user for behavior that violates our
Community Guidelines
.
Details:
Send Report
Go to the Sporcle.com Mobile Site →
Comments